[Event "Duesseldorf Nord Cup 9th GrM"]
[Site "Duesseldorf"]
[Date "2009.08.14"]
[Round "1"]
[White "Weindel, Joshua"]
[Black "Kittner, Lars"]
[Result "1/2-1/2"]
[WhiteElo "1539"]
[BlackElo "1170"]
[PlyCount "108"]
[EventDate "2009.08.14"]
[EventType "tourn"]
[EventRounds "5"]
[EventCountry "GER"]
[SourceTitle "EXT 2020"]
[Source "ChessBase"]
[SourceDate "2019.10.17"]
[SourceVersion "1"]
[SourceVersionDate "2019.10.17"]
[SourceQuality "1"]

1. d4 Nf6 2. Bf4 e6 3. e3 d5 4. Nd2 Be7 5. Bd3 0-0 6. Ngf3 b6 7. Ne5 Bb7 8. g4 Nfd7 9. Rg1 f6 10. Nxd7 Nxd7 11. h4 c5 12. c3 e5 13. Bh2 cxd4 14. exd4 exd4 15. cxd4 Qe8 16. Qe2 Bb4 17. Kd1 Qxe2+ 18. Bxe2 Rfe8 19. Bb5 Re7 20. a3 Bxd2 21. Kxd2 a6 22. Ba4 b5 23. Bb3 Nb6 24. Rge1 Rae8 25. Rxe7 Rxe7 26. Bd6 Re4 27. Bc5 Nc4+ 28. Bxc4 bxc4 29. f3 Re6 30. Rb1 Kf7 31. b3 Bc6 32. bxc4 dxc4 33. Rc1 Bxf3 34. Rxc4 Bxg4 35. d5 Re5 36. Rxg4 Rxd5+ 37. Bd4 Ke6 38. Kc3 g5 39. hxg5 Rxg5 40. Rh4 h5 41. Rf4 Rf5 42. Rh4 Kf7 43. Rh1 Kg6 44. Be3 Rf3 45. Kd4 f5 46. Rh4 Rg3 47. Rf4 Kg5 48. Bc1 Rg4 49. Ke5 Rxf4 50. Bxf4+ Kg4 51. a4 a5 52. Bh2 h4 53. Bf4 h3 54. Bh2 Kg5 1/2-1/2